000
00308nam a2200121Ia 4500
008
191014s9999 xx 000 0 und d
082
_a
514
_b
TSE
100
_a
Sze- Tsen Hu
_9
20396
245
0
_a
Introduction to General Topology
260
_a
New Dilhi
_b
McGraw-Hill
_c
1966
300
_a
X,229
942
_c
BK
999
_c
530976
_d
530976